|
|
|
|
| LEADER |
02969nam a22005775i 4500 |
| 001 |
978-3-540-24572-8 |
| 003 |
DE-He213 |
| 005 |
20151204153909.0 |
| 007 |
cr nn 008mamaa |
| 008 |
100905s2003 gw | s |||| 0|eng d |
| 020 |
|
|
|a 9783540245728
|9 978-3-540-24572-8
|
| 024 |
7 |
|
|a 10.1007/b94439
|2 doi
|
| 040 |
|
|
|d GrThAP
|
| 050 |
|
4 |
|a QA75.5-76.95
|
| 072 |
|
7 |
|a UB
|2 bicssc
|
| 072 |
|
7 |
|a COM000000
|2 bisacsh
|
| 082 |
0 |
4 |
|a 000
|2 23
|
| 245 |
1 |
0 |
|a Principles and Practice of Semantic Web Reasoning
|h [electronic resource] :
|b International Workshop, PPSWR 2003, Mumbai, India, December 8, 2003. Proceedings /
|c edited by François Bry, Nicola Henze, Jan Małuszyński.
|
| 264 |
|
1 |
|a Berlin, Heidelberg :
|b Springer Berlin Heidelberg,
|c 2003.
|
| 300 |
|
|
|a X, 214 p.
|b online resource.
|
| 336 |
|
|
|a text
|b txt
|2 rdacontent
|
| 337 |
|
|
|a computer
|b c
|2 rdamedia
|
| 338 |
|
|
|a online resource
|b cr
|2 rdacarrier
|
| 347 |
|
|
|a text file
|b PDF
|2 rda
|
| 490 |
1 |
|
|a Lecture Notes in Computer Science,
|x 0302-9743 ;
|v 2901
|
| 505 |
0 |
|
|a Foundations of Semantic Web Reasoning -- Composing Frameworks and Components for Families of Semantic Web Applications -- Semantic Web Logic Programming Tools -- Web Rules Need Two Kinds of Negation -- Reasoning in Practice -- Towards the Adaptive Semantic Web -- On Reasoning on Time and Location on the Web -- Reasoning about Communicating Agents in the Semantic Web -- Query and Rule-Languages -- A Visual Language for Web Querying and Reasoning -- XML Document Adaptation Queries (XDAQ): An Approach to Adaptation Reasoning Using Web Query Languages -- On Types for XML Query Language Xcerpt -- Integrating Description Logics and Answer Set Programming -- Semantics and Knowledge Representation -- Extracting Mathematical Semantics from Documents -- Reasoning in Attempto Controlled English -- Systematics and Architecture for a Resource Representing Knowledge about Named Entities.
|
| 650 |
|
0 |
|a Popular works.
|
| 650 |
|
0 |
|a Software engineering.
|
| 650 |
|
0 |
|a Mathematical logic.
|
| 650 |
|
0 |
|a Database management.
|
| 650 |
|
0 |
|a Information storage and retrieval.
|
| 650 |
|
0 |
|a Computer science.
|
| 650 |
1 |
4 |
|a Popular Science.
|
| 650 |
2 |
4 |
|a Popular Computer Science.
|
| 650 |
2 |
4 |
|a Database Management.
|
| 650 |
2 |
4 |
|a Information Systems Applications (incl. Internet).
|
| 650 |
2 |
4 |
|a Software Engineering.
|
| 650 |
2 |
4 |
|a Mathematical Logic and Formal Languages.
|
| 650 |
2 |
4 |
|a Information Storage and Retrieval.
|
| 700 |
1 |
|
|a Bry, François.
|e editor.
|
| 700 |
1 |
|
|a Henze, Nicola.
|e editor.
|
| 700 |
1 |
|
|a Małuszyński, Jan.
|e editor.
|
| 710 |
2 |
|
|a SpringerLink (Online service)
|
| 773 |
0 |
|
|t Springer eBooks
|
| 776 |
0 |
8 |
|i Printed edition:
|z 9783540205821
|
| 830 |
|
0 |
|a Lecture Notes in Computer Science,
|x 0302-9743 ;
|v 2901
|
| 856 |
4 |
0 |
|u http://dx.doi.org/10.1007/b94439
|z Full Text via HEAL-Link
|
| 912 |
|
|
|a ZDB-2-SCS
|
| 912 |
|
|
|a ZDB-2-LNC
|
| 912 |
|
|
|a ZDB-2-BAE
|
| 950 |
|
|
|a Computer Science (Springer-11645)
|